000 00628cam a22002293a 4500
001 11867
003 PGUSA
005 20140828083241.0
008 040401s2004||||xxu|||||s|||||000 1 eng d
040 _aPGUSA
_beng
042 _adc
050 4 _aPS
100 1 _aCurwood, James Oliver,
_d1878-1927
245 1 4 _aThe Alaskan
_h[electronic resource] /
_cJames Oliver Curwood
260 _bProject Gutenberg,
_c2004
506 _aPublic domain in the USA.
516 _aElectronic text
653 _aAlaska -- Fiction
830 0 _aProject Gutenberg
_v11867
856 4 0 _uhttp://www.gutenberg.org/ebooks/11867
942 _cEB
999 _c241122
_d241122